header

Microprocessors (Record no. 152698)

MARC details
000 -LEADER
fixed length control field 01223nam a2200313 a 4500
100 1# - MAIN ENTRY--AUTHOR NAME
Personal name Reese, Robert B.
245 10 - TITLE STATEMENT
Title Microprocessors
260 ## - PUBLICATION, DISTRIBUTION, ETC. (IMPRINT)
Place of publication Hingham, Mass. :
Name of publisher Da Vinci Engineering Press,
Year of publication 2005.
300 ## - PHYSICAL DESCRIPTION
Number of Pages xxi, 664 p. :
Other physical details ill.
650 #0 - SUBJECT ADDED ENTRY--TOPICAL TERM
Topical Term Microprocessors.
856 40 - ELECTRONIC LOCATION AND ACCESS
Uniform Resource Identifier http://site.ebrary.com/lib/rucke/Doc?id=10228177

No items available.

© 2026 Rongo University
Contact us: librarian | system librarian | Rongo university